Histoire de Tottenham - Statistiques

Statistiques générales
  • Ce quiz a été pris 52 fois
  • Le résultat moyen est 17 sur 29
Statistiques - réponses
Hint Réponse % Correct
Quel est le nombre de coupes des coupes remportées par le club ? 1
89%
Qui est le meilleur buteur du club ? Harry Kane
89%
Quel est le nombre de championnats gagnés par le club ? 2
86%
Quel est le nombre de coupes de la ligue remportées par le club ? 4
86%
Quel est le nombre de coupes d'Angleterre remportées par le club ? 8
86%
En quelle année a été créé le club ? 1882
83%
Quel est le nombre de coupes de l'UEFA remportées par le club ? 2
83%
Quel est le nombre de community shield remportés par le club ? 7
80%
Quel est le nombre de championnats de deuxième division remportés par le club ? 2
74%
Quelle est la couleur majeure du maillot domicile ? Le blanc
74%
Contre qui est-il disputé ? Arsenal
71%
Qui est le capitaine du club actuellement ? Heung-Min Son
71%
Contre qui le club perd la finale de la ligue des champions en 2019 ? Liverpool
71%
Quel est l'entraîneur qui a amené le club jusqu'en finale de la ligue des champions 2019 Mauricio Pochettino
71%
Quel est le nom de l'entraîneur actuel ? Ange Postecoglou
69%
Quel est le nom du derby le plus célèbre de Tottenham ? Le North London Derby
66%
Qui est le président du club ? Daniel Levy
63%
Quel est le nom du stade ? Le Tottenham Hotspur Stadium
63%
Quel est le nom de l'ancien stade démoli en 2017 ? White Hart Lane
57%
Sur quel score ? 0-2
54%
Quelle célèbre chanteuse supporte Tottenham ? Adèle
49%
Quelle est la devise du club ? To dare is to do = Oser c'est faire
49%
Quel est le plus grand nombre de points qu'a obtenu le club dans le championnat d'Angleterre ? 86
43%
Lors de quelle saison ? 2016-2017
23%
Qui est le joueur le plus capé du club ? Steve Perryman
20%
Quels sont les trois départs les plus chers du club ? Harry Kane, Gareth Bale et Kyle Walker
11%
Quels sont les deux surnoms les plus communs pour les joueurs de Tottenham ? Spurs et Lilywhites
9%
Quels sont les trois achats les plus chers du club ? Tanguy Ndombele, Richarlison et Cristian Romero
6%
Quel est le classement du club au coefficient UEFA ? 34ème
3%
Aucun quiz correspondant
Distribution des résultats
% des personnes avec chaque résultat
Percentile par nombre de réponses
Votre historique - résultats
Vous n’avez pas pris ce quiz